Solid fuel blending: (Record no. 1507)

MARC details
000 -LEADER
fixed length control field 00673nam a22002057a 4500
005 - DATE AND TIME OF LATEST TRANSACTION
control field 20230303002807.0
008 - FIXED-LENGTH DATA ELEMENTS--GENERAL INFORMATION
fixed length control field 230303b |||||||| |||| 00| 0 eng d
020 ## - INTERNATIONAL STANDARD BOOK NUMBER
International Standard Book Number 978-0-12-380932-2
082 ## - DEWEY DECIMAL CLASSIFICATION NUMBER
Classification number 622.334 T577 2012
100 ## - MAIN ENTRY--PERSONAL NAME
Personal name Tillman, David A.
Relator term author
245 ## - TITLE STATEMENT
Title Solid fuel blending:
Remainder of title principles, practices, and problems /
Statement of responsibility, etc. David A. Tillman, Dao N. B. Duong, N. Stanley Harding
260 ## - PUBLICATION, DISTRIBUTION, ETC.
Place of publication, distribution, etc. Oxford:
Name of publisher, distributor, etc. Butterworth-Heinemann,
Date of publication, distribution, etc. c2012
300 ## - PHYSICAL DESCRIPTION
Extent xv, 335p.:
Other physical details ill.
504 ## - BIBLIOGRAPHY, ETC. NOTE
Bibliography, etc. note Includes bibliographical references and index
541 ## - IMMEDIATE SOURCE OF ACQUISITION NOTE
Accession number 4909
650 ## - SUBJECT ADDED ENTRY--TOPICAL TERM
Topical term or geographic name entry element Coal
650 ## - SUBJECT ADDED ENTRY--TOPICAL TERM
Topical term or geographic name entry element Fuel
700 ## - ADDED ENTRY--PERSONAL NAME
Personal name Duong, Dao N.B.
Relator term author
700 ## - ADDED ENTRY--PERSONAL NAME
Personal name Harding, N. Stanley
Relator term author
Holdings
Withdrawn status Lost status Source of classification or shelving scheme Damaged status Not for loan Home library Current library Date acquired Total Checkouts Full call number Barcode Date last seen Copy number Price effective from Koha item type
    Dewey Decimal Classification     ctu-moalboal ctu-moalboal 08/09/2016   622.334 T577 2012 4909 03/03/2023 1 03/03/2023 Books-Reference